00944cam a22002291 4500001001300000003000400013005001700017008004100034010001700075035002000092040001900112042001200131050002100143060002300164100004900187245023800236250001700474260006200491300002300553504009400576710004400670sg 45000069 DLC20260227112745.0820128s1944 xx a 000 0 eng  asg 45000069  a(OCoLC)14736686 aDLCcDNLMdDLC apremarc00aRF290b.M78 19440 aWV 276bM963p 19441 aMuncie, Curtis H.q(Curtis Hamilton),d1887-10aPrevention and cure of deafness through Muncie reconstruction method,cby Dr. Curtis H. Muncie; outlining constructive finger surgery, reconstruction of the Eustachian tube, reconstruction of the nares, reconstruction of the tonsils. a7th rev. ed. aNew York city,bThe Muncie institute for hearing,cc1944. a75 p. 6 pl.bill. a"Technical writings by the author": p. 67-69. "Lay publications and biographies": p. 70.2 aMuncie institute for hearing, New York.